000
00289nam a22001337a 4500
008
180111b xxu||||| |||| 00| 0 eng d
020
_a
CM4024K
041
_a
eng
080
_a
615
100
_a
5
101
_a
FAR
245
_a
COMLEX LEVEL 1
_c
Raymon,L.P
942
_2
udc
_c
BK
999
_c
40148
_d
40148